LEADER 01332nam0 2200301 4500 001 000032231 005 20190131125014.0 010 $a88-14-08871-3 100 $a20190131d2001----km-y0itay50------ba 101 0 $aita 102 $aIT 105 $ay-------001yy 200 1 $aDizionario bibliografico delle riviste giuridiche italiane di Vincenzo Napoletano, 2000$econ i sommari analitici$fGuido Napoletano 210 $aMilano$cA. Giuffrè$d2001 215 $aXXVI, 938 p.$d25 cm 300 $aIn appendice: Consultazione elettronica degli anni 1996-1999, I volumi giuridici dell'anno. 410 0$12001 500 10$aDizionario bibliografico delle riviste giuridiche italiane di Vincenzo Napoletano, 2000 : con i sommari analitici$91545210 610 1 $aDiritto$aBibliografia italiana 610 1 $aDiritto$aPeriodici italiani$aBibliografia 676 $a016.34005$v22$9Bibliografie e cataloghi di diritto. Pubblicazioni in serie 700 1$aNapoletano,$bGuido$4070$0247158 701 1$aNapoletano,$bVincenzo$4070$032143 801 0$aIT$bUNIPARTHENOPE$c20190131$gRICA$2UNIMARC 912 $a000032231 951 $aFac. Giur. 016-D/1$bFac. Giur. 23$cNAVA1$d2019 996 $aDizionario bibliografico delle riviste giuridiche italiane di Vincenzo Napoletano, 2000 : con i sommari analitici$91545210 997 $aUNIPARTHENOPE